| 000 | 00877nam a2200277 i 4500 | ||
|---|---|---|---|
| 003 | DO-SdBNP | ||
| 005 | 20260522140012.0 | ||
| 007 | ta | ||
| 008 | 260522b2025 dr ac||| |||| 00| 0 spa d | ||
| 020 | _a9789945951509 | ||
| 040 |
_aDO-SdBNP _bspa _cBNPHU _erda |
||
| 041 | _aspa | ||
| 082 | 4 |
_axxx _bC117E _222 |
|
| 100 | 1 |
_aCabral, Euri, _eautor _4aut. _91097 |
|
| 245 | 1 | 0 |
_aErcilia Pepín : _bejemplo de enseñanza, patriotismo y dignidad / _cEuri Cabral |
| 250 | _aprimera edición | ||
| 264 | 1 |
_aSanto Domingo : _bEditora Búho, _c2025. |
|
| 300 |
_a199 páginas : _bilustraciones, retratos ; _c23 cm. |
||
| 336 |
_atexto _btxt _2rdacontent |
||
| 337 |
_asin mediación _bn _2rdamedia |
||
| 338 |
_avolumen _bnc _2rdacarrier |
||
| 500 | _aIncluye datos biográficos del autor en las solapas | ||
| 590 | _aInventariado, 2026/BT | ||
| 910 | _aBtavárez | ||
| 942 |
_2ddc _cLBS1 |
||
| 999 |
_c60807 _d60807 |
||